000 00352nam a2200145Ia 4500
008 150201s2009 xx 000 0 und d
082 _a614.4
_bM2009R
100 _aRITHMAN
245 _aMODERN EPIDEMIOLOGY
250 _a3RD
260 _bLIPPINCOTT PUBLICATION
_aPHILADELPHIA
_c2009
300 _a1-757
650 _aORAL PATHOLOGY
942 _2ddc
_cBK
999 _c4172
_d4172